[Event "27e tournoi 1hKO"]
[Site "Montigny le Bretonneux"]
[Date "2025.05.29"]
[Round "1.1"]
[White "Longbien, Dominique"]
[Black "Thibous, Mathis"]
[Result "0-1"]
[WhiteElo "1618"]
[BlackElo "2145"]
[Annotator "Rivier,Sylvain"]
[PlyCount "40"]
[EventDate "2025.??.??"]
[WhiteTeam "La Dame Noire"]
[BlackTeam "Fontainebleau-Avon"]

{Défense sicilienne, système fermé} 1. e4 c5 2. g3 Nc6 3. Bg2 g6 4. Nc3 Bg7
5. Nge2 e6 6. f4 d6 7. d3 Nge7 8. a4 d5 9. e5 O-O 10. Be3 d4 11. Bxd4 cxd4 12.
Nb5 Nf5 13. Qd2 a6 14. Na3 f6 15. Nc4 fxe5 16. Nxe5 Nxe5 17. fxe5 Bxe5 18. Nf4
Ne3 19. Bh3 Bxf4 20. gxf4 Qh4+ 0-1

[Event "27e tournoi 1hKO"]
[Site "Montigny le Bretonneux"]
[Date "2025.05.29"]
[Round "1.2"]
[White "Krivcenko, Aleksandrs"]
[Black "Moulun, Raphael"]
[Result "1-0"]
[WhiteElo "1919"]
[BlackElo "1597"]
[Annotator "Rivier,Sylvain"]
[PlyCount "59"]
[EventDate "2025.??.??"]
[WhiteTeam "Fontainebleau-Avon"]
[BlackTeam "La Dame Noire"]

{Gambit Benko} 1. d4 Nf6 2. c4 c5 3. d5 b5 4. cxb5 a6 5. e3 g6 6. Nc3 Bg7 7. e4
d6 8. a4 e6 9. Bg5 O-O 10. Bc4 e5 11. Nf3 Bg4 12. h3 Bxf3 13. Qxf3 Nbd7 14.
bxa6 h6 15. Bh4 g5 16. Bg3 Nh5 17. Qxh5 f5 18. exf5 Rxf5 19. Qg6 Rf6 20. Qe4
Qe7 21. h4 Nf8 22. hxg5 hxg5 23. Qg4 Rh6 24. O-O-O Ng6 25. Ne4 Nf4 26. Bxf4
exf4 27. Rxh6 Qxe4 28. Qe6+ Qxe6 29. Rxe6 Rb8 30. a7 1-0

[Event "27e tournoi 1hKO"]
[Site "Montigny le Bretonneux"]
[Date "2025.05.29"]
[Round "1.3"]
[White "Hajjouj, Mouhcine"]
[Black "Suffert, Martin"]
[Result "0-1"]
[WhiteElo "1592"]
[BlackElo "1896"]
[Annotator "Rivier,Sylvain"]
[PlyCount "86"]
[EventDate "2025.??.??"]
[WhiteTeam "Cercle Echiquier Pertuisien"]
[BlackTeam "la Tour des Clayes"]

{Début irrégulier} 1. b4 e5 2. Bb2 Bxb4 3. Bxe5 Nf6 4. c3 Ba5 5. h3 c5 6. Nf3
Nc6 7. Bh2 d5 8. e3 Bf5 9. Be2 O-O 10. O-O d4 11. cxd4 cxd4 12. d3 dxe3 13.
fxe3 Bb6 14. d4 Re8 15. Ne5 Nxd4 16. Na3 Nxe2+ 17. Qxe2 Bd3 18. Qxd3 Qxd3 19.
Nxd3 Rxe3 20. Kh1 Rxd3 21. Nb5 Rad8 22. a4 Ne4 23. Bc7 Bxc7 24. Nxc7 Ng3+ 25.
Kg1 Nxf1 26. Rxf1 a6 27. Rb1 R3d7 28. Rxb7 Rc8 29. Ra7 Rdxc7 30. Rxa6 h5 31.
Rd6 Ra7 32. Rd5 g6 33. a5 Rca8 34. Rd2 Rxa5 35. Rb2 Kg7 36. Rb3 Ra1+ 37. Kh2
R1a2 38. Rf3 Rb8 39. Rf1 Rbb2 40. Rg1 Kf6 41. Kg3 Rf2 42. Kh4 Kf5 43. Kg3 Ra3+
{suite illisible} 0-1

[Event "27e tournoi 1hKO"]
[Site "Montigny le Bretonneux"]
[Date "2025.05.29"]
[Round "1.4"]
[White "Forissier, Nicolas"]
[Black "Ouaddi, Oussama"]
[Result "1-0"]
[WhiteElo "1890"]
[BlackElo "1566"]
[Annotator "Rivier,Sylvain"]
[PlyCount "67"]
[EventDate "2025.??.??"]
[WhiteTeam "La Dame Noire"]
[BlackTeam "Club d'Echecs de Triel sur Seine"]

{Défense Caro-Kann, attaque Panov} 1. d4 Nf6 2. c4 e6 3. Nc3 d5 4. e3 Be7 5.
Nf3 O-O 6. Bd3 c5 7. O-O cxd4 8. exd4 Nc6 9. Bf4 a6 10. Re1 dxc4 11. Bxc4 b5
12. Bb3 Nb4 13. Be5 Bb7 14. a3 Nbd5 15. Qd3 Nxc3 16. bxc3 Bxf3 17. Qxf3 Nd5 18.
c4 bxc4 19. Bxc4 Bf6 20. Bxd5 exd5 21. Bxf6 Qxf6 22. Qxd5 Rfd8 23. Qe5 Qxe5 24.
dxe5 g6 25. Red1 Rxd1+ 26. Rxd1 Kf8 27. f4 Ke7 28. Kf2 Rd8 29. Rxd8 Kxd8 30.
Ke3 Kd7 31. Kd4 Kc6 32. g4 Kb5 33. Kd5 Ka4 34. f5 1-0

[Event "27e tournoi 1hKO"]
[Site "Montigny le Bretonneux"]
[Date "2025.05.29"]
[Round "1.5"]
[White "Meddour, Ithri"]
[Black "Thibous, Leo"]
[Result "0-1"]
[WhiteElo "1562"]
[BlackElo "1862"]
[Annotator "Rivier,Sylvain"]
[PlyCount "78"]
[EventDate "2025.??.??"]
[WhiteTeam "Saint-Quentin en Yvelines"]
[BlackTeam "Fontainebleau-Avon"]

{Ouverture anglaise, variante sicilienne fermée inversée} 1. e4 d6 2. c4 g6
3. Nc3 Bg7 4. g3 Nc6 5. Bg2 e5 6. d3 Nge7 7. Nge2 O-O 8. O-O h6 9. h3 Be6 10.
Be3 Nd4 11. Nd5 c6 12. Nxe7+ Qxe7 13. Nxd4 exd4 14. Bf4 Rab8 15. c5 dxc5 16.
Bxb8 Rxb8 17. Rc1 Bxa2 18. Qa4 Be6 19. Qxa7 Qc7 20. Qxc5 Rd8 21. f4 Bf8 22. Qb5
Qd7 23. Qa4 Bxh3 24. Kh2 Bg4 25. Qc2 c5 26. Qf2 b5 27. f5 Bd6 28. Rce1 Be5 29.
Bf3 gxf5 30. exf5 Bxf3 31. Rxe5 Qd6 32. Rfe1 Bd5 33. Qf4 Kh7 34. f6 Be6 35. Rh1
Rg8 36. Qe4+ Rg6 37. Rc1 c4 38. dxc4 bxc4 39. Rxe6 Qxg3+ 0-1

[Event "27e tournoi 1hKO"]
[Site "Montigny le Bretonneux"]
[Date "2025.05.29"]
[Round "1.6"]
[White "Plantet, Marc"]
[Black "Couradin, Bruno"]
[Result "1-0"]
[WhiteElo "1854"]
[BlackElo "1554"]
[Annotator "Rivier,Sylvain"]
[PlyCount "37"]
[EventDate "2025.??.??"]
[WhiteTeam "La Dame Noire"]
[BlackTeam "La Dame Noire"]

{Défense des deux cavaliers} 1. e4 e5 2. Bc4 Nf6 3. d4 exd4 4. e5 Ng8 5. Nf3
Nc6 6. O-O Bc5 7. Ng5 Nh6 8. Ne4 Be7 9. Bf4 d6 10. exd6 cxd6 11. Nbd2 d5 12.
Re1 dxe4 13. Nxe4 Nf5 14. Qh5 O-O 15. Rad1 g6 16. Qf3 Nd6 17. Nxd6 Bxd6 18. Bh6
Re8 19. Qxf7+ 1-0

[Event "27e tournoi 1hKO"]
[Site "Montigny le Bretonneux"]
[Date "2025.05.29"]
[Round "1.7"]
[White "Fasquelle, Yann"]
[Black "Almeida, Oscar Coelho"]
[Result "0-1"]
[WhiteElo "1516"]
[BlackElo "1822"]
[Annotator "Rivier,Sylvain"]
[PlyCount "52"]
[EventDate "2025.??.??"]
[WhiteTeam "Saint-Quentin en Yvelines"]
[BlackTeam "Saint-Quentin en Yvelines"]

{Partie espagnole, défense Morphy} 1. e4 e5 2. Nf3 Nc6 3. Bb5 a6 4. Ba4 Nf6 5.
d3 Bc5 6. Bg5 b5 7. Bb3 Bb7 8. Nc3 Na5 9. Nxe5 Nxb3 10. axb3 Qe7 11. Nf3 h6 12.
Bh4 g5 13. Bg3 O-O-O 14. O-O Nh5 15. Be5 Rhg8 16. Bd4 Rdf8 17. Re1 Nf4 18. Qd2
Bd6 19. Qe3 Ne6 20. Nd5 Qd8 21. Bf6 Qe8 22. c4 b4 23. Ra5 Nf4 24. Rc1 Rg6 25.
Kf1 Nxd5 26. cxd5 Rxf6 0-1

[Event "27e tournoi 1hKO"]
[Site "Montigny le Bretonneux"]
[Date "2025.05.29"]
[Round "1.8"]
[White "Alami Messaoudi, Wissam"]
[Black "Elie, Nicolas"]
[Result "1-0"]
[WhiteElo "1784"]
[BlackElo "1490"]
[Annotator "Rivier,Sylvain"]
[PlyCount "91"]
[EventDate "2025.??.??"]
[WhiteTeam "La Dame Noire"]
[BlackTeam "Club d'Echecs de Guyancourt"]

{Partie espagnole, défense berlinoise} 1. e4 e5 2. Nf3 Nc6 3. Bb5 Nf6 4. d3 d6
5. c3 Bg4 6. Nbd2 Be7 7. h3 Bh5 8. Qa4 Qd7 9. d4 a6 10. d5 axb5 11. Qxa8+ Nd8
12. Nh2 O-O 13. O-O c6 14. Qa3 cxd5 15. exd5 Nxd5 16. Qb3 Qc6 17. Ne4 Be2 18.
Re1 Qc4 19. Qxc4 Bxc4 20. Rd1 Ne6 21. b3 Nef4 22. Bxf4 Be2 23. Rd2 Nxf4 24. g3
Nxh3+ 25. Kg2 Ng5 26. Rxe2 Nxe4 27. Rxe4 Rc8 28. c4 bxc4 29. Rxc4 Rc5 30. Rxc5
dxc5 31. Rd1 b6 32. Rd7 Kf8 33. Rb7 Bd8 34. Ng4 f6 35. Ne3 Be7 36. Rxb6 Kf7 37.
a4 g5 38. a5 Kg6 39. Nd5 Bd8 40. Rxf6+ Bxf6 41. Nxf6 Kxf6 42. a6 Kf5 43. a7 h5
44. a8=Q h4 45. g4+ Kxg4 46. Qf3# 1-0

[Event "27e tournoi 1hKO"]
[Site "Montigny le Bretonneux"]
[Date "2025.05.29"]
[Round "1.9"]
[White "Badjate, Nishchal"]
[Black "Fasquelle, Cedric"]
[Result "0-1"]
[WhiteElo "1470"]
[BlackElo "1774"]
[Annotator "Rivier,Sylvain"]
[PlyCount "90"]
[EventDate "2025.??.??"]
[WhiteTeam "La Dame Noire"]
[BlackTeam "Saint-Quentin en Yvelines"]

{Ouverture du pion dame} 1. d4 Nf6 2. Nf3 e6 3. Bf4 c5 4. c3 Nc6 5. e3 b6 6.
Bd3 Nh5 7. Bg3 Nxg3 8. hxg3 Bb7 9. Nbd2 cxd4 10. exd4 Be7 11. Qc2 g6 12. g4 Qc7
13. O-O-O O-O-O 14. Rhe1 Kb8 15. Ne5 Rc8 16. Nxf7 Rhf8 17. Ne5 Rxf2 18. Be4
Nxd4 19. cxd4 Bxe4 20. Qxc7+ Rxc7+ 21. Ndc4 Bd5 22. b3 b5 23. Rh1 bxc4 24. bxc4
Ba3+ 25. Kb1 Be4+ 26. Nd3 Rb7+ 27. Ka1 Rbb2 28. Nxf2 Rxf2 29. Rb1+ Bxb1 30.
Rxb1+ Kc7 31. Rb3 Rf1+ 32. Rb1 Rxb1+ 33. Kxb1 d5 34. c5 Kc6 35. Kc2 Bb4 36. Kb3
Be1 37. g5 Bh4 38. Kb4 Bxg5 39. a4 Bd2+ 40. Kb3 a5 41. Kc2 Be3 42. Kd3 Bg1 43.
g4 h5 44. gxh5 gxh5 45. Kc3 h4 0-1

[Event "27e tournoi 1hKO"]
[Site "Montigny le Bretonneux"]
[Date "2025.05.29"]
[Round "1.10"]
[White "Neveu, Raphael"]
[Black "Tanchoux, Pierre"]
[Result "1-0"]
[WhiteElo "1741"]
[BlackElo "1462"]
[Annotator "Rivier,Sylvain"]
[PlyCount "23"]
[EventDate "2025.??.??"]
[WhiteTeam "La Dame Noire"]
[BlackTeam "La Dame Noire"]

{Défense moderne, système Averbach} 1. e4 g6 2. d4 Bg7 3. Nf3 d6 4. c4 Nd7 5.
Nc3 e5 6. d5 Ne7 7. Bg5 O-O 8. Qd2 f6 9. Bh6 f5 10. Bxg7 Kxg7 11. Ng5 fxe4 12.
Ne6+ 1-0

[Event "27e tournoi 1hKO"]
[Site "Montigny le Bretonneux"]
[Date "2025.05.29"]
[Round "1.12"]
[White "Payot, Guillaume"]
[Black "Bouloc, Roger"]
[Result "1-0"]
[WhiteElo "1729"]
[BlackElo "1438"]
[Annotator "Rivier,Sylvain"]
[PlyCount "45"]
[EventDate "2025.??.??"]
[WhiteTeam "CE Le Roi Soleil - Le Chesnay - Versailles"]
[BlackTeam "La Dame Noire"]

{Gambit dame} 1. d4 d5 2. c4 e6 3. Nc3 Nf6 4. cxd5 exd5 5. Bg5 Be7 6. e3 O-O 7.
Bd3 h6 8. Bh4 Nbd7 9. Nge2 c6 10. O-O a5 11. f3 Re8 12. Bf2 Qc7 13. e4 dxe4 14.
fxe4 Ng4 15. Bg3 Qd8 16. Qd2 Bg5 17. Bf4 Bxf4 18. Qxf4 Ngf6 19. e5 Nd5 20. Nxd5
cxd5 21. Qxf7+ Kh8 22. Qg6 Nf6 23. exf6 1-0

[Event "27e tournoi 1hKO"]
[Site "Montigny le Bretonneux"]
[Date "2025.05.29"]
[Round "1.13"]
[White "Bellabas, Alia"]
[Black "Baysse, Nathan"]
[Result "0-1"]
[WhiteElo "1399"]
[BlackElo "1717"]
[Annotator "Rivier,Sylvain"]
[PlyCount "50"]
[EventDate "2025.??.??"]
[WhiteTeam "Club d'Echecs Perrotin"]
[BlackTeam "La Dame Noire"]

{Partie italienne} 1. e4 e5 2. Nf3 Nc6 3. Bc4 Bc5 4. Nc3 d6 5. O-O Bg4 6. h3
Bh5 7. Be2 Nf6 8. d3 h6 9. a3 Qd7 10. Nd2 Bxe2 11. Qxe2 Nd4 12. Qd1 O-O 13. Nf3
c6 14. Nxd4 Bxd4 15. Ne2 Bb6 16. Ng3 Rad8 17. Nf5 d5 18. Re1 dxe4 19. dxe4 Qxd1
20. Rxd1 Rxd1+ 21. Kh2 Bxf2 22. b4 g6 23. Nxh6+ Kg7 24. Ng4 Nxg4+ 25. hxg4 Rh8+
0-1

[Event "27e tournoi 1hKO"]
[Site "Montigny le Bretonneux"]
[Date "2025.05.29"]
[Round "1.14"]
[White "Couradin, Jean-Marie"]
[Black "Carbonero, Jean Marc"]
[Result "1-0"]
[WhiteElo "1712"]
[BlackElo "1399"]
[Annotator "Rivier,Sylvain"]
[PlyCount "53"]
[EventDate "2025.??.??"]
[WhiteTeam "La Dame Noire"]
[BlackTeam "La Dame Noire"]

{Partie écossaise} 1. e4 e5 2. Nf3 Nc6 3. d4 d6 4. Bc4 exd4 5. Nxd4 Nxd4 6.
Qxd4 c5 7. Qd3 Be6 8. Bxe6 fxe6 9. Nc3 Be7 10. Bf4 Nf6 11. O-O-O O-O 12. Bxd6
Qxd6 13. Qxd6 Bxd6 14. Rxd6 Rad8 15. Rhd1 Rxd6 16. Rxd6 Ng4 17. f3 Ne3 18. Rxe6
Nxg2 19. Re7 Rxf3 20. Rxb7 a6 21. Rc7 Rf1+ 22. Nd1 Rh1 23. h4 Nxh4 24. e5 c4
25. e6 g5 26. Rc8+ Kg7 27. e7 1-0

[Event "27e tournoi 1hKO"]
[Site "Montigny le Bretonneux"]
[Date "2025.05.29"]
[Round "1.15"]
[White "Chevalier, Magali"]
[Black "Fayolle, Guy"]
[Result "0-1"]
[WhiteElo "1399"]
[BlackElo "1683"]
[Annotator "Rivier,Sylvain"]
[PlyCount "56"]
[EventDate "2025.??.??"]
[WhiteTeam "Villepreux Le Fou du Roi"]
[BlackTeam "Saint-Quentin en Yvelines"]

{Ouverture du pion dame, défense est-indienne} 1. d4 Nf6 2. e3 g6 3. Be2 Bg7
4. Nf3 d6 5. Nbd2 Nc6 6. c3 O-O 7. O-O e5 8. e4 exd4 9. cxd4 Re8 10. Bd3 Bg4
11. h3 Bxf3 12. Qxf3 Nxd4 13. Qe3 Nd5 14. Qe1 Nb4 15. Qd1 Nxd3 16. b3 Nb5 17.
Rb1 Nc3 18. Qf3 Nxb1 19. Nxb1 Nxc1 20. Rxc1 c6 21. Re1 Qa5 22. Qe2 d5 23. f3
dxe4 24. Rf1 exf3 25. Qf2 Qd5 26. g3 Bd4 27. Kh2 Bxf2 28. Rxf2 Re2 0-1

[Event "27e tournoi 1hKO"]
[Site "Montigny le Bretonneux"]
[Date "2025.05.29"]
[Round "1.16"]
[White "Leblanc, Didier"]
[Black "Alluch Abdellach, Nordin"]
[Result "0-1"]
[WhiteElo "1399"]
[BlackElo "1665"]
[Annotator "Rivier,Sylvain"]
[PlyCount "50"]
[EventDate "2025.??.??"]
[WhiteTeam "Saint-Quentin en Yvelines"]
[BlackTeam "Saint-Quentin en Yvelines"]

{Défense vieille Benoni} 1. d4 c5 2. Nf3 cxd4 3. Nxd4 d6 4. c4 e5 5. Nf3 Be7
6. e4 Nf6 7. Bd3 b6 8. O-O O-O 9. b3 Nc6 10. a3 Bb7 11. Be3 Nb8 12. b4 Nxe4 13.
Bd2 Nd7 14. Qe2 Nxd2 15. Nbxd2 Nf6 16. Rac1 Re8 17. a4 Bf8 18. b5 Qd7 19. Nb3
e4 20. c5 dxc5 21. Bc4 exf3 22. Qxf3 Bxf3 23. gxf3 Qf5 24. Rfd1 Qxf3 25. Kf1
Qh1# 0-1

[Event "27e tournoi 1hKO"]
[Site "Montigny le Bretonneux"]
[Date "2025.05.29"]
[Round "1.17"]
[White "Branson, James"]
[Black "Adsul, Tanush"]
[Result "1/2-1/2"]
[WhiteElo "1665"]
[BlackElo "1299"]
[Annotator "Rivier,Sylvain"]
[PlyCount "71"]
[EventDate "2025.??.??"]
[WhiteTeam "Club d'Echecs de Guyancourt"]
[BlackTeam "La Dame Noire"]

{Défense Pirc} 1. e4 d6 2. d4 Nf6 3. Nc3 g6 4. Bf4 Bg7 5. Qd2 Bd7 6. Be2 a6 7.
e5 dxe5 8. dxe5 Ng8 9. O-O-O e6 10. Bf3 Nc6 11. Qe3 Nge7 12. g4 Rb8 13. Nge2 b5
14. Nd4 Na5 15. b3 c5 16. Nde2 c4 17. Ne4 O-O 18. Nf6+ Bxf6 19. exf6 Nd5 20.
Bxd5 exd5 21. Be5 Kh8 22. Qh6 Rg8 23. Nf4 Nc6 24. Bxb8 Qxf6 25. Nxd5 Qa1+ 26.
Kd2 Qd4+ 27. Ke2 Bxg4+ 28. f3 Re8+ 29. Ne3 Qc3 30. fxg4 Qxc2+ 31. Kf3 Qe4+ 32.
Kf2 Rxb8 33. Rhe1 Nd4 34. Qh3 Qf4+ 35. Kg2 Qe4+ 36. Kf2 1/2-1/2

[Event "27e tournoi 1hKO"]
[Site "Montigny le Bretonneux"]
[Date "2025.05.29"]
[Round "1.18"]
[White "Chevalier, Bastien"]
[Black "Pujol, Nicolas"]
[Result "0-1"]
[WhiteElo "1299"]
[BlackElo "1654"]
[Annotator "Rivier,Sylvain"]
[PlyCount "62"]
[EventDate "2025.??.??"]
[WhiteTeam "Villepreux Le Fou du Roi"]
[BlackTeam "CE Le Roi Soleil - Le Chesnay - Versailles"]

{Ouverture Bird} 1. f4 d5 2. Nf3 Nf6 3. e3 Bg4 4. Be2 e6 5. O-O Nbd7 6. Nc3 Be7
7. h3 Bxf3 8. Bxf3 O-O 9. d4 c5 10. dxc5 Nxc5 11. Bd2 a6 12. Qe2 Rc8 13. Rac1
Qb6 14. b3 Rfd8 15. Rfd1 Rd7 16. Be1 Rdc7 17. Rd2 Ncd7 18. Rcd1 Rxc3 19. Bh4
Rxe3 20. Qf2 Bc5 21. Qg3 Rxf3+ 22. Kh2 Rxg3 23. Kxg3 Ne4+ 24. Kh2 Nxd2 25. Rxd2
Bg1+ 26. Kg3 Qe3+ 27. Kg4 f5+ 28. Kg5 Qxd2 29. g4 Kf7 30. Kh5 Qxf4 31. Bg5 Nf6+
0-1

[Event "27e tournoi 1hKO"]
[Site "Montigny le Bretonneux"]
[Date "2025.05.29"]
[Round "1.19"]
[White "Nguyen-Vany, Jean"]
[Black "El Hamoui, Noah"]
[Result "1-0"]
[WhiteElo "1653"]
[BlackElo "1299"]
[Annotator "Rivier,Sylvain"]
[PlyCount "65"]
[EventDate "2025.??.??"]
[WhiteTeam "Echiquier Médocain"]
[BlackTeam "Saint-Quentin en Yvelines"]

{Partie du pion dame, variante Tartacover} 1. d4 e6 2. Nf3 Nf6 3. Bg5 Be7 4. e3
d5 5. Bd3 h6 6. Bh4 O-O 7. O-O b6 8. Nbd2 Bb7 9. Qe2 c5 10. c3 c4 11. Bc2 Qc7
12. Bg3 Bd6 13. Ne5 Nbd7 14. f4 Bc6 15. Rac1 Rab8 16. Nxc6 Qxc6 17. e4 dxe4 18.
Nxc4 Qb5 19. b3 Be7 20. Bxe4 Nxe4 21. Qxe4 Qd5 22. Qxd5 exd5 23. Ne5 Nxe5 24.
fxe5 Bg5 25. Bf4 Bxf4 26. Rxf4 g5 27. Rf6 Kg7 28. Kf2 Rbe8 29. Ke3 Re6 30. Rcf1
Rxf6 31. Rxf6 Re8 32. Rd6 Rc8 33. Kd3 1-0

[Event "27e tournoi 1hKO"]
[Site "Montigny le Bretonneux"]
[Date "2025.05.29"]
[Round "1.20"]
[White "Gabory, Clement"]
[Black "Kissian, Pascal"]
[Result "0-1"]
[WhiteElo "1299"]
[BlackElo "1650"]
[Annotator "Rivier,Sylvain"]
[PlyCount "78"]
[EventDate "2025.??.??"]
[WhiteTeam "Club d'Echecs de Guyancourt"]
[BlackTeam "la Tour des Clayes"]

{Défense scandinave} 1. e4 d5 2. d3 dxe4 3. dxe4 Qxd1+ 4. Kxd1 Nf6 5. Bc4 Nxe4
6. Nf3 Nxf2+ 7. Ke1 Nxh1 8. Nc3 Bf5 9. Bf4 c6 10. Ke2 e6 11. Rxh1 Bxc2 12. Nd4
Bg6 13. Nb3 Be7 14. Rd1 O-O 15. Na5 Bh5+ 16. g4 Bxg4+ 17. Ke1 Bxd1 18. Nxd1 b5
19. Nxc6 Nxc6 20. Bxb5 Nd4 21. Be2 Nxe2 22. Kxe2 Rac8 23. Nc3 Bf6 24. Kd3 Rfd8+
25. Kc2 Bxc3 26. bxc3 f6 27. Be3 a6 28. a4 Rd5 29. Bd2 Rc4 30. Kb3 Rh4 31. Be1
Rxh2 32. c4 Rh3+ 33. Kb2 Rc5 34. a5 Rxc4 35. Ka2 Rg4 36. Bd2 Rg2 37. Kb2 Rxd2+
38. Kc1 Rg2 39. Kd1 Rh1# 0-1

[Event "27e tournoi 1hKO"]
[Site "Montigny le Bretonneux"]
[Date "2025.05.29"]
[Round "1.21"]
[White "Saint-Esteben, Anton"]
[Black "Gabory, Donatien"]
[Result "1-0"]
[WhiteElo "1650"]
[BlackElo "1299"]
[Annotator "Rivier,Sylvain"]
[PlyCount "101"]
[EventDate "2025.??.??"]
[WhiteTeam "Club d'Echecs du Vesinet"]
[BlackTeam "Club d'Echecs de Guyancourt"]

{Gambit dame} 1. d4 d5 2. c4 Nf6 3. Nc3 Be6 4. Qb3 Nc6 5. Qxb7 Nxd4 6. Kd1 dxc4
7. Bd2 Ng4 8. Nh3 g6 9. e3 Bh6 10. exd4 Qxd4 11. Qxa8+ Kd7 12. Qc6+ Kxc6 13. f4
Ne3+ 14. Kc1 Bxh3 15. gxh3 Bxf4 16. Be2 Nf1 17. Bf3+ Kc5 18. Ne4+ Kb6 19. Bxf4
f5 20. Rxf1 fxe4 21. Re1 exf3 22. Be3 Qxe3+ 23. Rxe3 f2 24. Rf3 Kb5 25. Rxf2
Kb4 26. Kc2 a5 27. Raf1 Rd8 28. Rf4 c5 29. b3 Rd4 30. Rxd4 cxd4 31. bxc4 Kxc4
32. Rf7 e5 33. Re7 d3+ 34. Kd2 Kd4 35. Rxh7 e4 36. Rh4 g5 37. Rg4 a4 38. a3 Kc4
39. Rxe4+ Kb3 40. Kxd3 Kb2 41. Rxa4 Kb3 42. Rg4 Kxa3 43. Rxg5 Kb4 44. Kd4 Kb3
45. Rc5 Kb4 46. h4 Ka3 47. Rb5 Ka4 48. Kc4 Ka3 49. Kc3 Ka4 50. Rd5 Ka3 51. Ra5#
1-0

[Event "27e tournoi 1hKO"]
[Site "Montigny le Bretonneux"]
[Date "2025.05.29"]
[Round "1.22"]
[White "Hellal, Ayoub"]
[Black "Salagnac, Sowan"]
[Result "1-0"]
[WhiteElo "1299"]
[BlackElo "1640"]
[Annotator "Rivier,Sylvain"]
[PlyCount "65"]
[EventDate "2025.??.??"]
[WhiteTeam "La Dame Noire"]
[BlackTeam "Saint-Quentin en Yvelines"]

{Défense Caro-Kann, variante d'avance} 1. e4 c6 2. d4 d5 3. e5 Bf5 4. Bd3 Bxd3
5. Qxd3 e6 6. Nf3 c5 7. c3 Nc6 8. O-O cxd4 9. cxd4 Nge7 10. Bg5 Qb6 11. Nbd2
Nf5 12. a3 Nfxd4 13. Nxd4 Qxd4 14. Qxd4 Nxd4 15. Be3 Nc2 16. Rac1 Nxe3 17. fxe3
Rd8 18. Rc7 Rd7 19. Rxd7 Kxd7 20. Rxf7+ Kc6 21. Nb3 Kb6 22. Rf4 Be7 23. Rf7 Bg5
24. Kf2 Bh6 25. Re7 Rc8 26. Nd4 Rc1 27. Rxe6+ Kc7 28. Re7+ Kb6 29. Re6+ Kc7 30.
b3 Kd7 31. Rd6+ Kc7 32. Ne6+ Kc8 33. Rd8# 1-0

[Event "27e tournoi 1hKO"]
[Site "Montigny le Bretonneux"]
[Date "2025.05.29"]
[Round "1.23"]
[White "Ferreira-Yang, Maxime"]
[Black "Orfila, Hugo"]
[Result "1-0"]
[WhiteElo "1619"]
[BlackElo "1299"]
[Annotator "Rivier,Sylvain"]
[PlyCount "55"]
[EventDate "2025.??.??"]
[WhiteTeam "Club d'Echecs de Guyancourt"]
[BlackTeam "Club d'Echecs de Guyancourt"]

{Gambit du roi} 1. e4 e5 2. f4 d6 3. Nf3 Nc6 4. Nc3 Nf6 5. d4 Bg4 6. dxe5 dxe5
7. Qxd8+ Rxd8 8. Nxe5 Nxe5 9. fxe5 Nxe4 10. Nxe4 Rd1+ 11. Kf2 f5 12. exf6 gxf6
13. Nxf6+ Kf7 14. Nxg4 Bc5+ 15. Kf3 h5 16. Bc4+ Kg6 17. Ne5+ Kf5 18. Rxd1 Kxe5
19. Rd5+ Kf6 20. b4 Bxb4 21. Bb2+ Kg6 22. Bd3+ Kf7 23. Rf5+ Ke6 24. Bxh8 c6 25.
c3 Ba3 26. Rb1 b5 27. Be4 Bd6 28. Rd1 1-0

[Event "27e tournoi 1hKO"]
[Site "Montigny le Bretonneux"]
[Date "2025.05.29"]
[Round "1.24"]
[White "Orfila, Leila"]
[Black "Conchou, Patrick"]
[Result "0-1"]
[WhiteElo "1299"]
[BlackElo "1399"]
[Annotator "Rivier,Sylvain"]
[PlyCount "88"]
[EventDate "2025.??.??"]
[WhiteTeam "Club d'Echecs de Guyancourt"]
[BlackTeam "Echecs Club d'Orgeval"]

{Défense Alekhine, variante de chasse} 1. e4 Nf6 2. Nc3 d5 3. Bd3 d4 4. e5
dxc3 5. exf6 cxd2+ 6. Bxd2 exf6 7. Qe2+ Be6 8. Nf3 Be7 9. Qe4 Bd5 10. Qf4 g6
11. Qg4 Be6 12. Qg3 O-O 13. O-O a6 14. Rae1 Bxa2 15. Re4 Be6 16. Rh4 f5 17.
Rxh7 Kxh7 18. Bc3 Bf6 19. Ng5+ Bxg5 20. Qh3+ Bh6 21. Bd2 g5 22. Bc3 f6 23.
Bxf5+ Bxf5 24. Qxf5+ Kg7 25. Re1 Qd7 26. Qf3 Nc6 27. h4 Rad8 28. g3 g4 29. Qe4
Rde8 30. Qc4 Rxe1+ 31. Bxe1 Ne5 32. Qe4 Nf3+ 33. Kf1 Re8 34. Qb4 Rxe1+ 35. Qxe1
Nxe1 36. Kxe1 Qd2+ 37. Kf1 Qxc2 38. Kg2 Qxb2 39. Kf1 a5 40. Kg2 a4 41. Kh2 a3
42. h5 Be3 43. h6+ Kh7 44. Kg2 Qxf2+ 0-1

[Event "27e tournoi 1hKO"]
[Site "Montigny le Bretonneux"]
[Date "2025.05.29"]
[Round "1.11"]
[White "Cros, Isidore"]
[Black "Chevrier, Denis"]
[Result "1/2-1/2"]
[WhiteElo "1439"]
[BlackElo "1734"]
[Annotator "Rivier,Sylvain"]
[PlyCount "88"]
[EventDate "2025.??.??"]
[WhiteTeam "Le Petit Pouchet Paris"]
[BlackTeam "Club d'Echecs de l'Arpajonnais"]

{Défense scandinave} 1. e4 Nf6 2. Nc3 d5 3. exd5 Nxd5 4. Bc4 c6 5. Nf3 g6 6.
d4 Bg7 7. O-O O-O 8. Bxd5 cxd5 9. Re1 Bg4 10. h3 Bxf3 11. Qxf3 e6 12. Qd3 Nc6
13. Ne2 Rc8 14. c3 a6 15. a4 Na5 16. Bf4 Qd7 17. Ng3 Rfe8 18. Be5 f6 19. Bf4
Qc6 20. Qc2 Qc4 21. Bd6 Qxd4 22. Rac1 Qb6 23. Bf4 e5 24. Bd2 Nb3 25. Rcd1 d4
26. Qe4 Nxd2 27. Rxd2 dxc3 28. bxc3 Rxc3 29. Rb1 Qc6 30. Rxb7 h5 31. Rdd7 Qxe4
32. Nxe4 Rc1+ 33. Kh2 Bh8 34. Ra7 Rb1 35. Rxa6 Rb4 36. Nd6 Rd4 37. Rb7 Rd8 38.
Nb5 Rd2 39. f3 R2d7 40. Rxd7 Rxd7 41. Ra8+ Kh7 42. a5 f5 43. a6 e4 44. fxe4
fxe4 {suite illisible} 1/2-1/2

[Event "27e tournoi 1hKO"]
[Site "Montigny le Bretonneux"]
[Date "2025.05.29"]
[Round "2.1"]
[White "Thibous, Mathis"]
[Black "Couradin, Jean-Marie"]
[Result "1-0"]
[WhiteElo "2145"]
[BlackElo "1712"]
[Annotator "Rivier,Sylvain"]
[PlyCount "64"]
[EventDate "2025.??.??"]
[WhiteTeam "Fontainebleau-Avon"]
[BlackTeam "La Dame Noire"]

{Ouverture du pion dame, défense est-indienne avec fianchetto} 1. g3 d5 2. Bg2
Nf6 3. Nf3 g6 4. O-O Bg7 5. d3 O-O 6. Nbd2 Nbd7 7. e4 dxe4 8. dxe4 e5 9. Qe2 a6
10. a4 b6 11. Nc4 Bb7 12. Nfxe5 Nxe5 13. Nxe5 Re8 14. Rd1 Qe7 15. f4 Rad8 16.
Re1 Nd7 17. Nxd7 Rxd7 18. c3 Qd8 19. Qc4 c5 20. Be3 Qa8 21. Bf2 Rd2 22. Rab1 a5
23. Be3 Rxg2+ 24. Kxg2 Rxe4 25. Qb5 Rb4+ 26. Kg1 Rxb5 27. axb5 Qe8 28. Bf2 Qxb5
29. Rbd1 Qc6 30. Rd8+ Bf8 31. Kf1 Kg7 32. Re3 Bd6 {suite non notée} 1-0